00399nam a2200157Ia 45000010006000000050017000060080041000230410008000640820018000721000022000902450076001122600009001883000028001976500008002256540008002331007520260306161805.0260306t2010||||xx |||||||||||||| ||spa|| aESP aGR 880.9bL51 aLesky, AlbineAUT 0aHistoria de la literatura griega II:bde Platón a la época imperial c2010 a598 páginas :c24 cm. aGEN aCHU